000 00531nam a2200193 i 4500
001 51761
003 ES-MaACL
005 20240510063043.0
007 t|
008 030818s1909 it ||||1| ita d
100 1 _aD'Annunzio, Gabriele,
_d1863-1938
_942351
245 1 0 _aY romanzi del lelograno /
_cGabriele D'Annunzio.
260 _aMilano :
_bFratelli Treves,
_c1909.
300 _a1 v. ;
_c19 cm.
505 8 _aContiene: Il fuoco
740 3 _aIl fuoco.
852 _aES-MaACL
_jF-2307
999 _c51761
_d51761